Statistics for Rogue One characters by lines

Click here to take the quiz!

General Stats

  • This quiz has been taken 46 times
  • The average score is 8 of 13

Answer Stats

HintAnswer% Correct
"I've been in this fight since I was six years old...Cassian Andor
92%
"Be careful not to CHOKE on your aspirations, director..."Darth Vader
87%
"I've never had the luxury of political opinions..."Jyn Erso
74%
"I fear nothing... All is as the force wills it..."Chirrut Imwe
71%
"...Whatever I do, I do it to protect you..."Galen Erso
71%
"We stand here amongst MY ACHIEVEMENT!..."Director Krennic
68%
"There are no jedi here anymore. Only dreamers like this fool..."Baze Malbus
66%
"Then we're all annihalated in the cold, dark vacuum of space..."Bodhi Rook
58%
"There are a lot of explosions for two people blending in...'K2S0
58%
"I will run no longer..."Saw Gerrera
47%
"When has become now..."Grand Moff Tarkin
29%
"Trust the force..."Lyra Erso
29%
"adfriakadrafg..."Deathtrooper
8%

Score Distribution

Percentile by Number Answered

Percent of People with Each Score

Your Score History

You have not taken this quiz